000 00631nam a2200229Ia 4500
003 OSt
005 20220923221927.0
006 a|||||r|||| 00| 0
007 ta
008 220922b |||||||| |||| 00| 0 mal d
024 _a201,167
037 _cTextual
040 _aARTS
_cARTS
_bmal
041 _2mal
_amal
082 _aO32,3N05,NS, 152K4
100 _aकेशव देव
245 0 _aनाली से
246 _aNālī se
650 _aमलयालम साहित्य
_9156264
942 _hO32,3N05,NS, 152K4
_cTEXL
_2CC
999 _c352820
_d352820